[Event "TOP 16 B group"]
[Site "BELFORT"]
[Date "????.??.??"]
[Round "4.4"]
[White "Decuigniere, Tom"]
[Black "Moussard, Jules"]
[Result "0-1"]
[WhiteElo "2366"]
[BlackElo "2597"]
[PlyCount "56"]
[EventDate "2025.05.??"]
[WhiteTeam "VANDOEUVRE"]
[BlackTeam "ASNIERES"]
[WhiteTeamCountry "FRA"]
[BlackTeamCountry "FRA"]

1. d4 d5 2. c4 e6 3. Nc3 Be7 4. cxd5 exd5 5. Bf4 c6 6. e3 Bf5 7. Nge2 Nd7 8. h4
h5 9. Ng3 Bg6 10. Bd3 Bxh4 11. Bxg6 fxg6 12. Qd3 Kf7 13. e4 Bg5 14. Bxg5 Qxg5
15. f4 Qg4 16. f5 Ne7 17. fxg6+ Qxg6 18. O-O+ Kg8 19. Rae1 Nf6 20. Rf3 h4 21.
Nf5 Nxf5 22. exf5 Qg5 23. Re7 h3 24. Rxh3 Rxh3 25. Qxh3 Ng4 26. Re1 Qd2 27. Qg3
Qxd4+ 28. Kh1 Rf8 0-1

[Event "TOP 16 B group"]
[Site "BELFORT"]
[Date "????.??.??"]
[Round "4.5"]
[White "Degraeve, Jean-Marc"]
[Black "Nezar, Mustapha"]
[Result "1-0"]
[WhiteElo "2457"]
[BlackElo "2324"]
[PlyCount "157"]
[EventDate "2025.05.??"]
[WhiteTeam "ASNIERES"]
[BlackTeam "VANDOEUVRE"]
[WhiteTeamCountry "FRA"]
[BlackTeamCountry "FRA"]

1. e4 e5 2. Bc4 Nf6 3. d3 Nc6 4. Nf3 Bc5 5. O-O d6 6. c3 O-O 7. Nbd2 a6 8. Bb3
Re8 9. Re1 Be6 10. Nf1 Bxb3 11. Qxb3 h6 12. Be3 Bxe3 13. Nxe3 Rb8 14. Rad1 Qd7
15. h3 Ne7 16. Nh2 Qe6 17. Qc2 Rbd8 18. f3 c5 19. a4 Nc6 20. Nhg4 Nxg4 21. hxg4
Ne7 22. a5 Nc6 23. Nd5 Rc8 24. Ra1 Red8 25. Qb3 Rb8 26. Ra3 Ne7 27. Ne3 Qd7 28.
Qc4 Nc6 29. Kf2 Qe7 30. Rh1 Qf6 31. Rh5 Qe6 32. Qa4 Ne7 33. Rb3 Qd7 34. Qxd7
Rxd7 35. g3 f6 36. Rh1 Kf7 37. Nd5 Nxd5 38. exd5 Rc8 39. c4 Rh8 40. Rb6 Ke7 41.
b4 cxb4 42. Rxb4 Kd8 43. Ke3 g6 44. Rb2 Kc8 45. Rbh2 Rdh7 46. f4 Kc7 47. g5
exf4+ 48. gxf4 Re8+ 49. Kd4 fxg5 50. fxg5 h5 51. Rf2 h4 52. Rf6 Rg8 53. Rh3 Rh5
54. Rf7+ Kc8 55. Ke4 Re8+ 56. Kd4 Rg8 57. Kc3 Rgh8 58. Rf4 Rxg5 59. Rhxh4 Rxh4
60. Rxh4 Rg1 61. Rh8+ Kc7 62. Rh7+ Kc8 63. Rg7 Rg4 64. Kd2 Rg2+ 65. Ke3 Rg3+
66. Ke2 Rg1 67. Kf3 Rf1+ 68. Ke4 Rg1 69. d4 Re1+ 70. Kd3 Rg1 71. c5 Ra1 72.
Rxg6 dxc5 73. dxc5 Rxa5 74. Kd4 Ra1 75. Ke5 a5 76. Kd6 Kb8 77. Ke7 Kc7 78. d6+
Kb8 79. d7 1-0

[Event "TOP 16 B group"]
[Site "BELFORT"]
[Date "????.??.??"]
[Round "4.6"]
[White "Hamitevici, Vladimir"]
[Black "Tregubov, Pavel V"]
[Result "1-0"]
[WhiteElo "2423"]
[BlackElo "2548"]
[PlyCount "99"]
[EventDate "2025.05.??"]
[WhiteTeam "VANDOEUVRE"]
[BlackTeam "ASNIERES"]
[WhiteTeamCountry "FRA"]
[BlackTeamCountry "FRA"]

1. e4 e6 2. Nf3 d5 3. e5 c5 4. c3 Nc6 5. d4 Bd7 6. Be2 Rc8 7. O-O a6 8. Na3
cxd4 9. cxd4 Qb6 10. Nc2 Na7 11. Nce1 Ne7 12. Kh1 Bb5 13. Nd3 Nac6 14. Be3 Nf5
15. Rc1 Be7 16. g4 Nxe3 17. fxe3 O-O 18. h4 Nb4 19. Rxc8 Rxc8 20. Nxb4 Bxe2 21.
Qxe2 Qxb4 22. Qf2 Qa4 23. b3 Qe8 24. g5 Rc7 25. Nh2 Ba3 26. Ng4 Qb5 27. Kg2 Qd3
28. Kg3 Qg6 29. Qf3 Kf8 30. Nf2 Bc1 31. Nh3 Kg8 32. Nf4 Qf5 33. Qh1 Qe4 34.
Qxe4 dxe4 35. Ng2 Rc3 36. Kf4 Rc2 37. Kxe4 Ba3 38. Nf4 Rxa2 39. h5 g6 40. h6
Rc2 41. d5 Be7 42. dxe6 fxe6 43. Nxe6 Rc3 44. Rd1 Kf7 45. Nf4 Ke8 46. Nd5 Rxb3
47. Nc7+ Kf8 48. Rf1+ Kg8 49. Nd5 Bxg5 50. e6 1-0

[Event "TOP 16 B group"]
[Site "BELFORT"]
[Date "????.??.??"]
[Round "4.7"]
[White "Maze, Sebastien"]
[Black "Vallee, Louis"]
[Result "1-0"]
[WhiteElo "2548"]
[BlackElo "2253"]
[PlyCount "67"]
[EventDate "2025.05.??"]
[WhiteTeam "ASNIERES"]
[BlackTeam "VANDOEUVRE"]
[WhiteTeamCountry "FRA"]
[BlackTeamCountry "FRA"]

1. Nf3 d5 2. g3 c5 3. Bg2 Nc6 4. d4 e6 5. O-O Nf6 6. c4 cxd4 7. Nxd4 Bc5 8. Nb3
Bb6 9. Nc3 d4 10. Nb5 a6 11. Bxc6+ bxc6 12. N5xd4 e5 13. Nc2 Qe7 14. Be3 c5 15.
Bg5 Bh3 16. Ne3 Bxf1 17. Nd5 Qe6 18. Bxf6 gxf6 19. Kxf1 h5 20. e4 Rc8 21. Qf3
Bd8 22. h4 Qh3+ 23. Ke2 Qg4 24. Qxg4 hxg4 25. Nd2 Kd7 26. Nf1 Ke6 27. Nfe3 Rb8
28. b3 a5 29. Rd1 a4 30. Nf5 axb3 31. Nc3 Rb6 32. Na4 Rc6 33. Rd6+ Rxd6 34.
Nxc5# 1-0

[Event "TOP 16 B group"]
[Site "BELFORT"]
[Date "????.??.??"]
[Round "4.8"]
[White "Pourquet, Matthieu"]
[Black "Iglesias, Yosha"]
[Result "1-0"]
[WhiteElo "2298"]
[BlackElo "2288"]
[PlyCount "41"]
[EventDate "2025.05.??"]
[WhiteTeam "VANDOEUVRE"]
[BlackTeam "ASNIERES"]
[WhiteTeamCountry "FRA"]
[BlackTeamCountry "FRA"]

1. Nf3 d5 2. g3 Bg4 3. Bg2 e6 4. c4 c6 5. cxd5 Bxf3 6. Bxf3 cxd5 7. O-O Nc6 8.
d3 Nf6 9. Bg2 Be7 10. e4 O-O 11. Nc3 Qd7 12. exd5 Nxd5 13. Nxd5 exd5 14. Be3
Rfd8 15. h4 Qf5 16. Qb3 Rd7 17. Kh2 Ne5 18. Bh3 Ng4+ 19. Kg1 h5 20. f3 Qe6 21.
Bf2 1-0

[Event "TOP 16 B group"]
[Site "BELFORT"]
[Date "????.??.??"]
[Round "4.9"]
[White "Gurel, Ediz"]
[Black "Suleymanli, Aydin"]
[Result "1/2-1/2"]
[WhiteElo "2636"]
[BlackElo "2617"]
[PlyCount "128"]
[EventDate "2025.05.??"]
[WhiteTeam "CLICHY"]
[BlackTeam "MARSEILLE"]
[WhiteTeamCountry "FRA"]
[BlackTeamCountry "FRA"]

1. e4 e5 2. Nf3 Nc6 3. Bc4 Nf6 4. d4 exd4 5. e5 d5 6. Bb5 Ne4 7. Nxd4 Bc5 8.
Be3 O-O 9. Nxc6 bxc6 10. Bxc5 Nxc5 11. Bxc6 Rb8 12. Qxd5 Qe7 13. O-O Rxb2 14.
Nc3 Rxc2 15. Qd4 Ne6 16. Qd3 Rb2 17. Nd5 Qc5 18. Rac1 Qd4 19. Qf5 Re2 20. Rfd1
Qxe5 21. Qxe5 Rxe5 22. f4 Re2 23. Ne7+ Kh8 24. f5 Nd8 25. Nxc8 Nxc6 26. Rxc6
Rxc8 27. Rxc7 Rb8 28. Rxf7 h6 29. h3 Rxa2 30. Rdd7 Rg8 31. f6 Ra6 32. fxg7+ Kh7
33. Kh2 Rb6 34. Rxa7 Rg6 35. Rab7 Rg5 36. h4 Rg6 37. Rbe7 Rg4 38. Kh3 Rg6 39.
g3 Rb6 40. Ra7 Rg6 41. Rfb7 Rf6 42. Rc7 Rf3 43. Kg4 Rb3 44. Rf7 Rb4+ 45. Kh3
Rb3 46. Rae7 Ra3 47. Rb7 Rc3 48. Rfc7 Ra3 49. h5 Ra5 50. g4 Ra3+ 51. Kh4 Ra4
52. Rf7 Rc4 53. Kh3 Rc3+ 54. Kg2 Rc2+ 55. Kg3 Rc3+ 56. Kh4 Rc4 57. Rbe7 Ra4 58.
Kg3 Ra3+ 59. Kf4 Ra4+ 60. Kf5 Ra1 61. Rd7 Rf1+ 62. Ke6 Re1+ 63. Kf5 Rf1+ 64.
Ke4 Re1+ 1/2-1/2

[Event "TOP 16 B group"]
[Site "BELFORT"]
[Date "????.??.??"]
[Round "4.10"]
[White "Santos Latasa, Jaime"]
[Black "Amin, Bassem"]
[Result "1/2-1/2"]
[WhiteElo "2620"]
[BlackElo "2649"]
[PlyCount "26"]
[EventDate "2025.05.??"]
[WhiteTeam "MARSEILLE"]
[BlackTeam "CLICHY"]
[WhiteTeamCountry "FRA"]
[BlackTeamCountry "FRA"]

1. Nf3 Nf6 2. c4 d6 3. d4 g6 4. Nc3 Bf5 5. h3 Bg7 6. g4 Bd7 7. e4 O-O 8. Be3 c5
9. Be2 cxd4 10. Nxd4 Nc6 11. Rc1 Nxd4 12. Bxd4 Qa5 13. O-O Bc6 1/2-1/2

[Event "TOP 16 B group"]
[Site "BELFORT"]
[Date "????.??.??"]
[Round "4.11"]
[White "Van Wely, Loek"]
[Black "Girel, Joseph"]
[Result "1-0"]
[WhiteElo "2609"]
[BlackElo "2498"]
[PlyCount "81"]
[EventDate "2025.05.??"]
[WhiteTeam "CLICHY"]
[BlackTeam "MARSEILLE"]
[WhiteTeamCountry "FRA"]
[BlackTeamCountry "FRA"]

1. c4 e6 2. Nc3 d5 3. d4 c5 4. cxd5 exd5 5. Nf3 Nf6 6. g3 Nc6 7. Bg2 cxd4 8.
Nxd4 Bc5 9. Nb3 Bb6 10. Na4 O-O 11. Nxb6 axb6 12. Be3 Re8 13. O-O h5 14. Re1 h4
15. Bg5 h3 16. Bh1 Qd6 17. e4 d4 18. Bf4 Qb4 19. e5 Ng4 20. Bxc6 bxc6 21. Qxd4
Qb5 22. f3 c5 23. Qc3 Bb7 24. Nd2 Rad8 25. a4 Qc6 26. Ne4 Ba8 27. a5 bxa5 28.
Rxa5 Nh6 29. Rxc5 Qb6 30. Bxh6 Bxe4 31. e6 gxh6 32. exf7+ Kxf7 33. fxe4 Rd3 34.
Qxd3 Qxc5+ 35. Qe3 Qc2 36. Qf2+ Qxf2+ 37. Kxf2 Rb8 38. Re2 Ke6 39. Kf3 h5 40.
Kf4 Rg8 41. b4 1-0

[Event "TOP 16 B group"]
[Site "BELFORT"]
[Date "????.??.??"]
[Round "4.12"]
[White "Albornoz Cabrera, Carlos Daniel"]
[Black "Shoker, Samy"]
[Result "1-0"]
[WhiteElo "2548"]
[BlackElo "2456"]
[PlyCount "43"]
[EventDate "2025.05.??"]
[WhiteTeam "MARSEILLE"]
[BlackTeam "CLICHY"]
[WhiteTeamCountry "FRA"]
[BlackTeamCountry "FRA"]

1. e4 g6 2. d4 Bg7 3. Nc3 d6 4. Be3 a6 5. h4 h6 6. Qd2 Nf6 7. f3 c6 8. O-O-O b5
9. Kb1 Be6 10. Nh3 Bxh3 11. Rxh3 Nbd7 12. g4 Nb6 13. g5 hxg5 14. hxg5 Nh5 15.
f4 b4 16. Ne2 d5 17. Qxb4 dxe4 18. Qc5 Qc7 19. Nc3 Nd7 20. Nd5 Qd8 21. Qxc6 O-O
22. f5 1-0

[Event "TOP 16 B group"]
[Site "BELFORT"]
[Date "????.??.??"]
[Round "4.13"]
[White "Hamdouchi, Hicham"]
[Black "Flom, Gabriel"]
[Result "1-0"]
[WhiteElo "2525"]
[BlackElo "2454"]
[PlyCount "73"]
[EventDate "2025.05.??"]
[WhiteTeam "CLICHY"]
[BlackTeam "MARSEILLE"]
[WhiteTeamCountry "FRA"]
[BlackTeamCountry "FRA"]

1. e4 d5 2. exd5 Qxd5 3. Nc3 Qa5 4. g3 Nf6 5. Bg2 c6 6. Nf3 Bf5 7. b4 Qc7 8.
O-O e6 9. Rb1 Be7 10. h3 h6 11. b5 O-O 12. d3 Rd8 13. Bf4 Bd6 14. Be3 Qa5 15.
Rb3 e5 16. Bd2 Qc7 17. Re1 Nbd7 18. Rb1 a6 19. bxc6 bxc6 20. g4 Bh7 21. g5 hxg5
22. Nxg5 Bg6 23. Qf3 Rac8 24. Nce4 Be7 25. Ng3 Nc5 26. Bc3 Nxd3 27. cxd3 Rxd3
28. Bxe5 Qa5 29. Qf4 Nd5 30. Qg4 Rd8 31. Nf5 Bb4 32. Bxd5 R3xd5 33. Rxb4 Re8
34. Nxf7 Kxf7 35. Rb7+ Kg8 36. Rxg7+ Kf8 37. Rg8+ 1-0

[Event "TOP 16 B group"]
[Site "BELFORT"]
[Date "????.??.??"]
[Round "4.14"]
[White "Laurent-Paoli, Pierre"]
[Black "Delorme, Axel"]
[Result "1-0"]
[WhiteElo "2544"]
[BlackElo "2475"]
[PlyCount "53"]
[EventDate "2025.05.??"]
[WhiteTeam "MARSEILLE"]
[BlackTeam "CLICHY"]
[WhiteTeamCountry "FRA"]
[BlackTeamCountry "FRA"]

1. d4 Nf6 2. c4 e6 3. Nc3 Bb4 4. e3 b6 5. Nge2 Ba6 6. Ng3 h5 7. h4 Bb7 8. a3
Bd6 9. Rh3 g6 10. e4 Ng4 11. Bg5 f6 12. Bd2 f5 13. Bg5 Be7 14. Qd2 Bxg5 15.
hxg5 f4 16. Nge2 O-O 17. f3 Ne3 18. Nxf4 Nxf1 19. Kxf1 Qxg5 20. Nce2 h4 21. g3
Qf6 22. gxh4 Rf7 23. Kg2 Rg7 24. Rg3 Nc6 25. h5 gxh5 26. Nxh5 Rxg3+ 27. Kxg3
1-0

[Event "TOP 16 B group"]
[Site "BELFORT"]
[Date "????.??.??"]
[Round "4.15"]
[White "Belkaid, Sohan"]
[Black "Lamaze, Simon"]
[Result "0-1"]
[WhiteElo "2348"]
[BlackElo "2424"]
[PlyCount "72"]
[EventDate "2025.05.??"]
[WhiteTeam "CLICHY"]
[BlackTeam "MARSEILLE"]
[WhiteTeamCountry "FRA"]
[BlackTeamCountry "FRA"]

1. e4 c5 2. Nf3 e6 3. d4 cxd4 4. Nxd4 Nf6 5. Nd2 a6 6. Bd3 e5 7. N4f3 Nc6 8.
O-O Bc5 9. c3 O-O 10. Nc4 d5 11. exd5 Qxd5 12. Be2 e4 13. Nfd2 Rd8 14. a4 Be6
15. Qc2 Ne5 16. Nxe5 Qxe5 17. Kh1 Bd6 18. f4 exf3 19. Nxf3 Qh5 20. Be3 Bf5 21.
Qc1 Re8 22. Bf4 Bxf4 23. Qxf4 Rxe2 24. Nd4 Be4 25. Nxe2 Qxe2 26. Rf2 Qh5 27.
Qg3 Kh8 28. Rd2 Re8 29. Re1 h6 30. h3 Kh7 31. Rd4 Re5 32. Rd2 Rg5 33. Qe3 Qg6
34. Ree2 Rg3 35. Qf4 Rxh3+ 36. Kg1 Rg3 0-1

[Event "TOP 16 B group"]
[Site "BELFORT"]
[Date "????.??.??"]
[Round "4.16"]
[White "Cornileau, Juliette"]
[Black "Broly, Mathilde"]
[Result "0-1"]
[WhiteElo "2076"]
[BlackElo "2077"]
[PlyCount "122"]
[EventDate "2025.05.??"]
[WhiteTeam "MARSEILLE"]
[BlackTeam "CLICHY"]
[WhiteTeamCountry "FRA"]
[BlackTeamCountry "FRA"]

1. e4 e5 2. Nf3 Nc6 3. d4 exd4 4. Nxd4 Nf6 5. Nxc6 bxc6 6. Nd2 Be7 7. e5 Nd5 8.
c4 Nf4 9. g3 Ng6 10. Qe2 O-O 11. Bg2 Bc5 12. Nb3 Bb4+ 13. Kf1 Ba6 14. Bd2 Rb8
15. Bxb4 Rxb4 16. Rc1 Qg5 17. Qe1 Bxc4+ 18. Kg1 Bxb3 19. f4 Qe7 20. axb3 Rxb3
21. Qe2 Qb4 22. Rc2 Qd4+ 23. Kf1 Rfb8 24. Rd2 Qc5 25. Bf3 Qb4 26. Kg2 Rxb2 27.
Rhd1 Rxd2 28. Rxd2 Nf8 29. f5 Qb5 30. Qe3 Re8 31. Re2 f6 32. e6 dxe6 33. Qxa7
Qxf5 34. Qxc7 c5 35. Bc6 Qd3 36. Bxe8 Qxe2+ 37. Kg1 Qd1+ 38. Kf2 Qd2+ 39. Kf1
Qd3+ 40. Kf2 Qd4+ 41. Kg2 Qd5+ 42. Kg1 e5 43. Bc6 Qd4+ 44. Kg2 h5 45. Qc8 Qd6
46. Be8 Qd5+ 47. Kf2 e4 48. Bb5 g6 49. Qa6 Qf5+ 50. Kg1 Kg7 51. Qa7+ Kh6 52.
Bc4 e3 53. Qe7 Qf2+ 54. Kh1 Nh7 55. h4 Qxg3 56. Bg8 Qxh4+ 57. Kg2 Qf2+ 58. Kh1
e2 59. Qxh7+ Kg5 60. Qxg6+ Kxg6 61. Bf7+ Kg5 0-1

[Event "TOP 16 B group"]
[Site "BELFORT"]
[Date "????.??.??"]
[Round "4.17"]
[White "Van Foreest, Jorden"]
[Black "Korobov, Anton"]
[Result "1-0"]
[WhiteElo "2687"]
[BlackElo "2631"]
[PlyCount "61"]
[EventDate "2025.05.??"]
[WhiteTeam "AIX EN PROVENCE"]
[BlackTeam "CHALONS EN CHAMPAGNE"]
[WhiteTeamCountry "FRA"]
[BlackTeamCountry "FRA"]

1. d4 Nf6 2. c4 e6 3. Nc3 d5 4. cxd5 exd5 5. Bg5 Be7 6. e3 O-O 7. Bd3 c6 8. h3
Nbd7 9. Bf4 Re8 10. Nf3 Nf8 11. Qc2 Bd6 12. Bxd6 Qxd6 13. O-O Be6 14. Rab1 a5
15. Rbe1 Rac8 16. Na4 N8d7 17. Ng5 h6 18. Nxe6 Rxe6 19. Nc5 Re7 20. Nxb7 Qb4
21. Qb3 Rc7 22. Qxb4 axb4 23. Nd6 g6 24. e4 dxe4 25. Nxe4 Re6 26. Nxf6+ Rxf6
27. Re7 Rf4 28. Bc4 Rb7 29. Bb3 c5 30. Bd5 Rc7 31. dxc5 1-0

[Event "TOP 16 B group"]
[Site "BELFORT"]
[Date "????.??.??"]
[Round "4.18"]
[White "Anton Guijarro, David"]
[Black "Sadhwani, Raunak"]
[Result "1/2-1/2"]
[WhiteElo "2642"]
[BlackElo "2672"]
[PlyCount "61"]
[EventDate "2025.05.??"]
[WhiteTeam "CHALONS EN CHAMPAGNE"]
[BlackTeam "AIX EN PROVENCE"]
[WhiteTeamCountry "FRA"]
[BlackTeamCountry "FRA"]

1. d4 Nf6 2. c4 e6 3. Nc3 Bb4 4. e3 O-O 5. Bd3 d5 6. Nf3 dxc4 7. Bxc4 c5 8. O-O
cxd4 9. exd4 b6 10. Bg5 Bb7 11. Qe2 Bxc3 12. bxc3 Nbd7 13. Ne5 Qc7 14. Nxd7
Qxd7 15. Bxf6 gxf6 16. Rfd1 Kh8 17. d5 Bxd5 18. Bxd5 exd5 19. Qf3 Qe6 20. Rxd5
Rad8 21. c4 Rc8 22. Qd3 Rfe8 23. g3 Qe4 24. Qc3 Re5 25. Rd4 Qc6 26. Re1 Rce8
27. Rxe5 Rxe5 28. Qd2 Re4 29. h4 Rxd4 30. Qxd4 Kg8 31. Qg4+ 1/2-1/2

[Event "TOP 16 B group"]
[Site "BELFORT"]
[Date "????.??.??"]
[Round "4.19"]
[White "Gozzoli, Yannick"]
[Black "Velten, Paul"]
[Result "1-0"]
[WhiteElo "2567"]
[BlackElo "2542"]
[PlyCount "99"]
[EventDate "2025.05.??"]
[WhiteTeam "AIX EN PROVENCE"]
[BlackTeam "CHALONS EN CHAMPAGNE"]
[WhiteTeamCountry "FRA"]
[BlackTeamCountry "FRA"]

1. c4 e5 2. g3 Nf6 3. Bg2 Bc5 4. d3 O-O 5. Nf3 d6 6. O-O Nc6 7. a3 h6 8. b4 Bb6
9. Bb2 Be6 10. Nbd2 a6 11. c5 Ba7 12. Rc1 Qd7 13. d4 Rad8 14. Qc2 Bh3 15. dxe5
dxe5 16. Nc4 Bxg2 17. Kxg2 e4 18. Nh4 Qe6 19. Bxf6 Qxf6 20. Qxe4 Rfe8 21. Qf3
Qxf3+ 22. exf3 Nd4 23. f4 b6 24. cxb6 Bxb6 25. Rfd1 g5 26. Nf3 Nxf3 27. Kxf3
gxf4 28. g4 Bd4 29. Rd3 Bg7 30. Rcd1 Rc8 31. Rd5 Bf8 32. Ne5 c5 33. Nd7 cxb4
34. Nf6+ Kg7 35. Nxe8+ Rxe8 36. axb4 Bxb4 37. R1d4 a5 38. Rd7 Rf8 39. Rxf4 Bc3
40. Rf5 Bb4 41. Kg3 Bc3 42. h4 Bb4 43. Ra7 Bd2 44. h5 Bc3 45. f4 Kg8 46. g5
hxg5 47. fxg5 Bb4 48. h6 Bd2 49. Kg4 Bb4 50. g6 1-0

[Event "TOP 16 B group"]
[Site "BELFORT"]
[Date "????.??.??"]
[Round "4.20"]
[White "David, Alberto"]
[Black "Yuffa, Daniil"]
[Result "1-0"]
[WhiteElo "2481"]
[BlackElo "2655"]
[PlyCount "97"]
[EventDate "2025.05.??"]
[WhiteTeam "CHALONS EN CHAMPAGNE"]
[BlackTeam "AIX EN PROVENCE"]
[WhiteTeamCountry "FRA"]
[BlackTeamCountry "FRA"]

1. b3 e5 2. Bb2 Nc6 3. e3 a6 4. c4 d5 5. cxd5 Qxd5 6. Nc3 Qd6 7. a3 Qg6 8. b4
Bd6 9. d3 Nf6 10. Nf3 O-O 11. h3 Re8 12. g4 e4 13. dxe4 Nxe4 14. Nxe4 Qxe4 15.
Bd3 Qf4 16. g5 Bf5 17. Kd2 Bxb4+ 18. axb4 Qxb4+ 19. Bc3 Qc5 20. Bxf5 Qxf5 21.
Ke2 Rad8 22. Qb1 Qc5 23. Ra4 Ne7 24. Rc1 Qc6 25. Re4 a5 26. Re5 Nd5 27. Bd4 Qd7
28. Qe4 b6 29. Kf1 c5 30. Ba1 Qxh3+ 31. Kg1 Nc7 32. Rxe8+ Rxe8 33. Qc6 h5 34.
Be5 Re6 35. Qb7 Ne8 36. Rd1 a4 37. Rd7 Qf5 38. Bf4 a3 39. Qa8 a2 40. Ra7 Kh7
41. Rxa2 Nd6 42. Nd2 Ne4 43. Nxe4 Rxe4 44. Kh2 b5 45. Qb8 Ra4 46. Rd2 Ra1 47.
Rd8 Qe6 48. g6+ Kxg6 49. Rd6 1-0

[Event "TOP 16 B group"]
[Site "BELFORT"]
[Date "????.??.??"]
[Round "4.21"]
[White "Bacrot, Etienne"]
[Black "Guilleux, Fabien"]
[Result "1-0"]
[WhiteElo "2633"]
[BlackElo "2407"]
[PlyCount "89"]
[EventDate "2025.05.??"]
[WhiteTeam "AIX EN PROVENCE"]
[BlackTeam "CHALONS EN CHAMPAGNE"]
[WhiteTeamCountry "FRA"]
[BlackTeamCountry "FRA"]

1. Nf3 Nf6 2. c4 c6 3. d4 d5 4. Nc3 dxc4 5. a4 Bf5 6. e3 e6 7. Bxc4 Bb4 8. O-O
O-O 9. Qe2 Bg6 10. Ne5 Nbd7 11. Nxg6 hxg6 12. Rd1 Qc7 13. h3 Rad8 14. Qc2 a5
15. Bd2 Nb6 16. Bb3 Qe7 17. Rac1 c5 18. Na2 cxd4 19. Nxb4 axb4 20. Qc7 Qxc7 21.
Rxc7 dxe3 22. Bxe3 Rxd1+ 23. Bxd1 Rd8 24. Bb3 Nbd5 25. Rxb7 Nxe3 26. fxe3 Rd2
27. Rb8+ Kh7 28. Rxb4 Rxb2 29. a5 Nd5 30. Rh4+ Kg8 31. Bxd5 exd5 32. Ra4 Rb7
33. a6 Ra7 34. Kf2 Kf8 35. Ke2 Ke7 36. Kd3 Kd6 37. Kd4 g5 38. Ra5 Kc6 39. Rc5+
Kb6 40. Rxd5 Kxa6 41. Rxg5 f6 42. Rc5 Rd7+ 43. Ke4 Rd2 44. g4 Kb6 45. Rd5 1-0

[Event "TOP 16 B group"]
[Site "BELFORT"]
[Date "????.??.??"]
[Round "4.22"]
[White "Sebag, Marie"]
[Black "Boyer, Mahel"]
[Result "0-1"]
[WhiteElo "2448"]
[BlackElo "2521"]
[PlyCount "106"]
[EventDate "2025.05.??"]
[WhiteTeam "CHALONS EN CHAMPAGNE"]
[BlackTeam "AIX EN PROVENCE"]
[WhiteTeamCountry "FRA"]
[BlackTeamCountry "FRA"]

1. e4 e6 2. d4 d5 3. Nd2 a6 4. Bd3 c5 5. dxc5 Bxc5 6. Ngf3 Nf6 7. O-O dxe4 8.
Nxe4 Nxe4 9. Bxe4 Nd7 10. Bf4 Nf6 11. Qxd8+ Kxd8 12. Nd2 Ke7 13. Bf3 Rd8 14.
Nb3 Bd6 15. Be3 Nd7 16. Na5 Rb8 17. Ba7 Ra8 18. Be3 Ne5 19. Bxb7 Rb8 20. Be4
Rb5 21. Rfd1 Rxa5 22. Bb6 Ra4 23. f4 Nd7 24. Bxd8+ Kxd8 25. Rxd6 Rxe4 26. Rad1
Rxf4 27. Rc6 e5 28. c4 Rf6 29. Rxf6 gxf6 30. b4 Ke7 31. c5 f5 32. Rd6 Bb7 33.
g3 f4 34. gxf4 exf4 35. h3 f3 36. Kf2 Ne5 37. a4 Bc6 38. a5 f6 39. Rd4 Kf7 40.
Kg3 Kg6 41. Kf2 Kg5 42. Ke3 Bb5 43. Kf2 h6 44. Kg3 f5 45. h4+ Kg6 46. Rd6+ Kf7
47. Rd4 Bc6 48. Rf4 Be4 49. b5 axb5 50. a6 Nc6 51. h5 b4 52. Rh4 b3 53. Rh2 Bc2
0-1

[Event "TOP 16 B group"]
[Site "BELFORT"]
[Date "????.??.??"]
[Round "4.23"]
[White "Govciyan, Pavel"]
[Black "Bournel, Antoine"]
[Result "0-1"]
[WhiteElo "2421"]
[BlackElo "2423"]
[PlyCount "56"]
[EventDate "2025.05.??"]
[WhiteTeam "AIX EN PROVENCE"]
[BlackTeam "CHALONS EN CHAMPAGNE"]
[WhiteTeamCountry "FRA"]
[BlackTeamCountry "FRA"]

1. c4 e5 2. g3 Nf6 3. Bg2 c6 4. Nf3 e4 5. Nd4 Qb6 6. Nb3 a5 7. d3 a4 8. N3d2 d5
9. cxd5 exd3 10. Nc3 cxd5 11. O-O d4 12. Nc4 Qa6 13. exd3 dxc3 14. Re1+ Be6 15.
bxc3 b5 16. Na3 Nc6 17. Rb1 b4 18. cxb4 Bxb4 19. Bxc6+ Qxc6 20. Rxb4 O-O 21.
Qd2 Bh3 22. f3 Rfe8 23. Rbe4 Nxe4 24. fxe4 Rad8 25. Re3 f5 26. Bb2 Rxe4 27.
Rxe4 Qxe4 28. Bxg7 Rxd3 0-1

[Event "TOP 16 B group"]
[Site "BELFORT"]
[Date "????.??.??"]
[Round "4.24"]
[White "Lucas, Arthur"]
[Black "Benmesbah, Natacha"]
[Result "1/2-1/2"]
[WhiteElo "2328"]
[BlackElo "2259"]
[PlyCount "155"]
[EventDate "2025.05.??"]
[WhiteTeam "CHALONS EN CHAMPAGNE"]
[BlackTeam "AIX EN PROVENCE"]
[WhiteTeamCountry "FRA"]
[BlackTeamCountry "FRA"]

1. e4 c6 2. d4 d5 3. e5 c5 4. Nf3 cxd4 5. Nxd4 Nc6 6. Nxc6 bxc6 7. Bd3 e6 8.
O-O Ne7 9. Nd2 h5 10. Nf3 Nf5 11. c4 dxc4 12. Bxc4 Qxd1 13. Rxd1 Bc5 14. Bg5
O-O 15. Rac1 Bb6 16. Bd3 f6 17. exf6 gxf6 18. Bd2 Ne7 19. Bb4 Re8 20. Bxe7 Rxe7
21. Be4 Ba6 22. Rxc6 Rb8 23. Nh4 f5 24. Bf3 Bb7 25. Rc4 Bxf3 26. Nxf3 e5 27.
Nh4 Rf7 28. Rd5 Re8 29. Kf1 Kg7 30. Ke2 Kf6 31. a4 Rc7 32. Rxc7 Bxc7 33. b4 Ke6
34. Rc5 Bd6 35. Rc6 Kd5 36. b5 f4 37. Nf5 Bc5 38. Ng7 Rg8 39. Ne6 Bb6 40. g3
fxg3 41. hxg3 Rg4 42. Nc7+ Bxc7 43. Rxc7 Rxa4 44. Rh7 Ra5 45. Kf3 Rxb5 46. Rxa7
Rb8 47. Rh7 Rf8+ 48. Ke3 Rf5 49. Rh6 Rg5 50. Ra6 Rg4 51. Kf3 e4+ 52. Kg2 e3 53.
Ra5+ Ke6 54. f3 Rd4 55. f4 h4 56. Re5+ Kf6 57. Rxe3 hxg3 58. Kxg3 Kf5 59. Re5+
Kf6 60. Ra5 Rd1 61. Ra3 Kf5 62. Ra5+ Kf6 63. Kf2 Rd3 64. Ke2 Rb3 65. Re5 Ra3
66. Kf2 Rb3 67. Re3 Rxe3 68. Kxe3 Kf5 69. Kf3 Kf6 70. Ke4 Ke6 71. f5+ Kf6 72.
Kf4 Kf7 73. Ke5 Ke7 74. f6+ Kf7 75. Kf5 Kf8 76. Kg6 Kg8 77. f7+ Kf8 78. Kf6
1/2-1/2

[Event "TOP 16 B group"]
[Site "BELFORT"]
[Date "????.??.??"]
[Round "4.25"]
[White "Aryan Chopra"]
[Black "Schlosser, Philipp"]
[Result "1-0"]
[WhiteElo "2620"]
[BlackElo "2472"]
[PlyCount "49"]
[EventDate "2025.05.??"]
[WhiteTeam "GRASSE"]
[BlackTeam "BISCHWILLER"]
[WhiteTeamCountry "FRA"]
[BlackTeamCountry "FRA"]

1. c4 c5 2. Nf3 Nf6 3. d4 cxd4 4. Nxd4 Nc6 5. Nc3 e6 6. g3 Qb6 7. Nb3 Ne5 8. e4
Bb4 9. Qe2 d6 10. Bd2 O-O 11. O-O-O Bd7 12. f4 Ng6 13. Bg2 Rfc8 14. e5 Ne8 15.
Kb1 dxe5 16. f5 Nf8 17. fxe6 fxe6 18. Rhf1 Bc6 19. Bh3 Nf6 20. Qxe5 Re8 21. Be3
Qa6 22. Rxf6 gxf6 23. Qxf6 Qxc4 24. Rd4 Bxc3 25. Qg5+ 1-0

[Event "TOP 16 B group"]
[Site "BELFORT"]
[Date "????.??.??"]
[Round "4.26"]
[White "Schmider, Niklas"]
[Black "Pranav, V."]
[Result "0-1"]
[WhiteElo "2421"]
[BlackElo "2621"]
[PlyCount "70"]
[EventDate "2025.05.??"]
[WhiteTeam "BISCHWILLER"]
[BlackTeam "GRASSE"]
[WhiteTeamCountry "FRA"]
[BlackTeamCountry "FRA"]

1. e4 e5 2. Nf3 Nc6 3. Bb5 Nge7 4. Nc3 Ng6 5. d4 exd4 6. Nxd4 Nxd4 7. Qxd4 c6
8. Be2 Qb6 9. Qd3 Be7 10. O-O O-O 11. a4 d6 12. Be3 Qa5 13. f4 f5 14. Qc4+ Kh8
15. b4 Qd8 16. exf5 Bxf5 17. g4 d5 18. Qb3 Bd7 19. f5 Bd6 20. Bc5 Be5 21. Rf2
Nf4 22. Kh1 Re8 23. Raf1 b6 24. Be3 Nh3 25. Rf3 Qh4 26. Bf2 Qxg4 27. f6 gxf6
28. Bg3 Qg7 29. Bxe5 Rxe5 30. Bd3 Rg8 31. Rg3 Qh6 32. Ne2 Rxg3 33. Nxg3 Qd2 34.
Rxf6 Nf2+ 35. Kg1 Ng4 0-1

[Event "TOP 16 B group"]
[Site "BELFORT"]
[Date "????.??.??"]
[Round "4.27"]
[White "Lupulescu, Constantin"]
[Black "Ernst, Luca"]
[Result "1-0"]
[WhiteElo "2574"]
[BlackElo "2222"]
[PlyCount "79"]
[EventDate "2025.05.??"]
[WhiteTeam "GRASSE"]
[BlackTeam "BISCHWILLER"]
[WhiteTeamCountry "FRA"]
[BlackTeamCountry "FRA"]

1. e4 c5 2. Nf3 e6 3. Be2 Nc6 4. O-O Nf6 5. Nc3 d6 6. d4 cxd4 7. Nxd4 Be7 8.
Nxc6 bxc6 9. Qd3 e5 10. Kh1 O-O 11. f4 Nd7 12. Na4 Kh8 13. c4 exf4 14. Bxf4 Ne5
15. Qd2 Ba6 16. b3 Ng6 17. Bg3 d5 18. Rad1 dxc4 19. Qc3 Qe8 20. Bxc4 Bxc4 21.
Qxc4 Bf6 22. Bd6 Rg8 23. Nc5 Rd8 24. Nb7 Rd7 25. Nc5 Rd8 26. h3 Be5 27. Nb7 Rd7
28. Qxc6 Qe6 29. Qd5 Rxb7 30. Bxe5 Re7 31. Qxe6 Rxe6 32. Bd4 f6 33. Bxa7 Ra6
34. Bd4 Rxa2 35. Rxf6 Re2 36. Rf7 Rxe4 37. Bc3 Ne5 38. Rc7 h6 39. b4 Kh7 40. b5
1-0